Catalog

Record Details

Catalog Search



Bajky a podpovídky / Karel Čapek

Record details

  • Physical Description: 229 s.
  • Edition: 3. dopl. vyd.
  • Publisher: Praha : Československý spisovatel, 1970
Subject: Čapek, Karel, 1890-1938
bajka
Genre: české prózy

Available copies

  • 1 of 1 copy available at Common Catalog SPOK.

Holds

  • 0 current holds with 1 total copy.
Show All Copies
Location Call Number / Copy Notes Barcode Shelving Location Status Due Date
Hospic Dobrého Pastýře BE-C
Tematická katagorie: Beletrie (BE)
204595700967 Knihovna Available -

LDR 00976cam a22003017a 4500
00129139
003CZ-PrJAB
00520171004154547.0
007ta
008960318s1970 xr |||||r|||||||||||cze|d
015 . ‡acnb000495605
035 . ‡a(CZ PrCU)000227610
040 . ‡aABD005 ‡bcze ‡cABD005 ‡dABD005 ‡dABD103
072 7. ‡a821.162.3-3 ‡xČeská próza ‡2Konspekt ‡925
080 . ‡a821.162.3-3 ‡2v
1001 . ‡aČapek, Karel, ‡d1890-1938 ‡7jk01021023 ‡4aut
24510. ‡aBajky a podpovídky / ‡cKarel Čapek
250 . ‡a3. dopl. vyd.
260 . ‡aPraha : ‡bČeskoslovenský spisovatel, ‡c1970
300 . ‡a229 s.
60017. ‡aČapek, Karel, ‡d1890-1938 ‡7jk01021023 ‡2czenas
65007. ‡abajka ‡7ph118726 ‡2czenas
655 7. ‡ačeské prózy ‡7fd133972 ‡2czenas
910 . ‡aBNE702
997 . ‡aBK
998 . ‡a000227610
993 1. ‡1FSV ‡2KRYST ‡35520 ‡63218102178 ‡53218102178 ‡f30 ‡mBOOK ‡w000227610 ‡x000020
993 1. ‡1PEDFR ‡2KRK6 ‡3Be9637 ‡62597000894 ‡52597000894 ‡f04 ‡mBOOK ‡w000227610 ‡x000010
901 . ‡a29139 ‡b ‡c29139 ‡tbiblio

Additional Resources